000 00624nam a22001937a 4500
999 _c192810
_d192810
005 20221006112322.0
010 _aUR-11733
020 _a9789391238926
_c300.00
035 _aU-10288
037 _bDBAD/PUB
_a-
082 _a841
100 _aذو ا لفقار نقوی
245 _aدشت و حشت /
_cذو ا لفقار نقوی
_hا ر د و
246 _aDasht-E-Wahshat /
_bby Zulfiqar Naqvi
260 _aNew Delhi
_bEducational Publishing House
_c2021 ء
270 _aH.O. D1/16, Ansari Road, Daryaganj
_bNew Delhi
_e110002
300 _a200 ص
_c22cm(pbk)
942 _2ddc
_cUR
_h841
_mذ و ا